000
00338cam a2200145ua 4500
041
_a
eng
_h
082
_a
823.301
_b
HEM/TA
100
_a
Hemming, James.
245
_a
Tandem tale /
_c
James Hemmings.
_h
Textual Documents
260
_a
London :
_b
Longman ,
_c
1963.
300
_a
6 ; .
504
_a
942
_c
BK
999
_c
11356
_d
11356